Szczegóły MARC21

Architektura polska XVII wieku. 1 /

003 -Nazwa inst., której nr kontr. jest w polu 001 [,]
    • @
    • Nazwa instytucji, której n kontrolny jest w polu 001
    • NUKAT
005 -DATA I CZAS OSTATNIEJ MODYFIKACJI [,]
    • @
    • pole kontrolne
    • 20241231113009.0
020 -Międzynarod. znormalizowany nr książki - ISBN [ , ]
    • a
    • Numer ISBN
    • 830101363X Find
040 -Instytucja sporządzająca opis [ , ]
    • a
    • Instytucja, która sporządziła opis (NP)
    • TOR U/GS
    • b
    • Język katalogowania
    • pol
    • e
    • Zasady katalogowania
    • rda
    • c
    • Instytucja, która sporządziła rekord (NP)
    • TOR U/GS
    • d
    • Instytucja, która zmodyfikowała rekord (P)
    • TOR U/LF
    • d
    • Instytucja, która zmodyfikowała rekord (P)
    • WA U/ASO
    • d
    • Instytucja, która zmodyfikowała rekord (P)
    • KR 303/as
    • d
    • Instytucja, która zmodyfikowała rekord (P)
    • POZN U/AJs
    • d
    • Instytucja, która zmodyfikowała rekord (P)
    • WA 255/ASz
041 -Język dokumentu [0, ]
    • a
    • Język tekstu (P)
    • polski
    • b
    • Język streszczeń lub abstraktu (P)
    • angielski
    • b
    • Język streszczeń lub abstraktu (P)
    • rosyjski
942 -Rodzaj dokumentu [ , ]
    • c
    • Rodzaj dokumentu
    • Książka
100 -Hasło główne - nazwa osobowa [1, ]
    • a
    • Nazwa osobowa (NP)
    • Miłobędzki, Adam
    • d
    • Daty biograficzne (NP)
    • (1924-2003).
    • e
    • Rodzaj współpracy
    • Autor
    • e
    • Rodzaj współpracy
    • Redakcja
    • 9
    • KHW
    • 244692
245 -Strefa tytułu i oznaczenia odpowiedzialności [1,0]
    • a
    • Tytuł
    • Architektura polska XVII wieku. Find
    • n
    • Oznaczenie części (P)
    • 1 /
    • c
    • Pozostałe elementy strefy tytułu i oznaczenia odpowiedzialności (NP)
    • napisał Adam Miłobędzki ; pod redakcją Adama Miłobędzkiego ; sekretariat naukowy tomu, wstęp oraz wybór i układ ilustracji Elżbieta Gieysztor-Miłobędzka ; bibliografia Adam Małkiewicz.
260 -Strefa adresu wydawniczego [ , ]
    • a
    • Miejsce wydania (P)
    • Warszawa :
    • b
    • Nazwa wydawcy (P)
    • Państwowe Wydawnictwo Naukowe,
    • c
    • Data wydania (P)
    • 1980.
300 -Strefa opisu fizycznego [ , ]
    • a
    • Określenie formy książki i/lub objętość (NP)
    • 598, [2] strony, [8] kart tablic kolorowych, [24] strony tablice, [1] mapa złożona, [1] mapa złożona luzem :
    • b
    • Oznaczenie ilustracji (NP)
    • ilustracje, errata ;
    • c
    • Format (NP)
    • 30 cm.
336 -Typ zawartości [ , ]
    • a
    • Termin opisujący typ zawartości
    • Tekst
    • b
    • Kod określający zawartość
    • txt
    • 2
    • Źródło (terminu i kodu)
    • rdacontent
337 -Typ mediów [ , ]
    • a
    • Tryb odtwarzania
    • Bez urządzenia pośredniczącego
    • b
    • Kod typu mediów
    • n
    • 2
    • Źródło (terminu i kodu)
    • rdamedia
338 -Typ/rodzaj nośnika [ , ]
    • a
    • Hasło opisujące typ nośnika
    • Wolumin
    • b
    • Kod typu nośnika
    • nc
    • 2
    • Źródło (terminu i kodu)
    • rdacarrier
490 -Strefa serii i książki wielotomowej - forma nie do wyszukiwania [1, ]
    • a
    • Tytuł (P)
    • Sztuka polska XVII wieku ; Find
    • v
    • Numeracja (P)
    • część 1
830 -Hasło dodatkowe serii i opisu książki wielotomowej - tytuł ujednolicony/tytuł [ ,0]
    • a
    • Tytuł ujednolicony/tytuł (NP)
    • Dzieje sztuki polskiej.
    • n
    • Oznaczenie części/podserii/sekcji (P)
    • T. 4,
    • p
    • Nazwa części/podserii/sekcji (P)
    • Sztuka polska XVII wieku
    • v
    • Oznaczenie tomu (NP)
    • t. 4, cz. 1
    • 9
    • KHW
    • 519836
500 -Uwaga ogólna [ , ]
    • a
    • Uwaga ogólna (NP)
    • Cykl główny: Dzieje sztuki polskiej / Instytut Sztuki Polskiej Akademii Nauk ; komitet redakcyjny Władysława Jaworska, Adam Miłobędzki, Stanisław Mossakowski, Jerzy Pietrusiński, Andrzej Ryszkiewicz, Juliusz Starzyński, Władysław Tomkiewicz ; tom 4.
500 -Uwaga ogólna [ , ]
    • a
    • Uwaga ogólna (NP)
    • Oznaczenie tomu "Architektura polska XVII wieku" za pomocą gwiazdek.
504 -Uwaga dot. bibliogr. załącznikowej [ , ]
    • a
    • Uwaga dot. bibliografii załącznikowej
    • Bibliografia na stronach 433-473.
546 -Uwaga dot. języka [ , ]
    • a
    • Uwaga dot. języka
    • Streszczenia angielskie i rosyjskie.
546 -Uwaga dot. języka [ , ]
    • a
    • Uwaga dot. języka
    • Lista ilustracji również w języku angielskim i rosyjskim.
080 -Uniwersalna Klasyfikacja Dziesiętna [ , ]
    • a
    • Symbol klasyfikacji
    • 71/75(438)(091)(084.1)".../19"
650 -Hasło przedmiotowe [ ,7]
    • a
    • Hasło przedmiotowe
    • Architektura
    • z
    • Określnik geograficzny
    • Polska
    • y
    • Określnik chronologiczny
    • 17 w.
    • 2
    • Źródło terminu
    • kaba
    • 9
    • KHW
    • 519931
980 -Symbol UKD [ , ]
    • a
    • UKD
    • 71/75(438)(091)(084.1)".../19"
700 -Hasło dodatkowe - nazwa osobowa [1, ]
    • a
    • Nazwa osobowa (NP)
    • Gieysztor-Miłobędzka, Elżbieta. Find
    • e
    • Określenie rodzaju współpracy
    • Redakcja
    • e
    • Określenie rodzaju współpracy
    • Wstęp
    • 9
    • KHW
    • 519835
700 -Hasło dodatkowe - nazwa osobowa [1, ]
    • a
    • Nazwa osobowa (NP)
    • Małkiewicz, Adam Find
    • d
    • Daty biograficzne (NP)
    • (1936-2021).
    • e
    • Określenie rodzaju współpracy
    • Bibliografia
    • 9
    • KHW
    • 243949
700 -Hasło dodatkowe - nazwa osobowa [1, ]
    • a
    • Nazwa osobowa (NP)
    • Jaworska, Władysława Jadwiga Find
    • d
    • Daty biograficzne (NP)
    • (1910-2009).
    • e
    • Określenie rodzaju współpracy
    • Redakcja
    • 9
    • KHW
    • 238779
700 -Hasło dodatkowe - nazwa osobowa [1, ]
    • a
    • Nazwa osobowa (NP)
    • Mossakowski, Stanisław Find
    • d
    • Daty biograficzne (NP)
    • (1937- ).
    • e
    • Określenie rodzaju współpracy
    • Redakcja
    • 9
    • KHW
    • 73591
700 -Hasło dodatkowe - nazwa osobowa [1, ]
    • a
    • Nazwa osobowa (NP)
    • Pietrusiński, Jerzy Find
    • d
    • Daty biograficzne (NP)
    • (1931-2014).
    • e
    • Określenie rodzaju współpracy
    • Redakcja
    • 9
    • KHW
    • 519834
700 -Hasło dodatkowe - nazwa osobowa [1, ]
    • a
    • Nazwa osobowa (NP)
    • Ryszkiewicz, Andrzej Find
    • d
    • Daty biograficzne (NP)
    • (1922-2005).
    • e
    • Określenie rodzaju współpracy
    • Redakcja
    • 9
    • KHW
    • 251086
700 -Hasło dodatkowe - nazwa osobowa [1, ]
    • a
    • Nazwa osobowa (NP)
    • Starzyński, Juliusz Find
    • d
    • Daty biograficzne (NP)
    • (1906-1974).
    • e
    • Określenie rodzaju współpracy
    • Redakcja
    • 9
    • KHW
    • 47594
700 -Hasło dodatkowe - nazwa osobowa [1, ]
    • a
    • Nazwa osobowa (NP)
    • Tomkiewicz, Władysław Find
    • d
    • Daty biograficzne (NP)
    • (1899-1982).
    • e
    • Określenie rodzaju współpracy
    • Redakcja
    • 9
    • KHW
    • 48157
710 -Hasło dodatkowe - nazwa ciała zbiorowego [2, ]
    • a
    • Nazwa ciała zbiorowego lub nazwa geograficzna jako pierwszy element (NP)
    • Państwowe Wydawnictwo Naukowe (1951-1992).
    • e
    • Rodzaj współpracy
    • Wydawca
    • 4
    • Kod relacji
    • pbl
    • 9
    • KHW
    • 52048
710 -Hasło dodatkowe - nazwa ciała zbiorowego [2, ]
    • a
    • Nazwa ciała zbiorowego lub nazwa geograficzna jako pierwszy element (NP)
    • Polska Akademia Nauk.
    • b
    • Nazwa jednostki podrzędnej (P)
    • Instytut Sztuki.
    • e
    • Rodzaj współpracy
    • Instytucja sprawcza
    • 9
    • KHW
    • 27240
920 -ISBN [ , ]
    • a
    • ISBN
    • 83-01-01363-X Find
Numer inwentarzowy Lokalizacja Data inwentaryzacji Sygnatura Status udost.
Z.80634BG2002-01-10Egz. arch.1
P.9429BM2002-01-10POL. Sztuka 151